00578nam a22001577a 4500003000900000005001700009008004100026040001300067100002100080245009900101260003800200300001800238490003000256500002000286520011400306IT-RoPau20220918181220.0140523b xxu||||| |||| 00| 0 eng d cIT-RoPau aCesarato, Regina aL'albero visto dalle radicibLe Pie Discepole del Divin Maestro tra carisma e storia. Appunti. aRomabCasa Generalizia PDDMc1997 a88 pp.c21 cm aPDDM AppuntivFascicolo 1 aPro manuscripto aIndice Presentazione Annotazione metodologica Introduzione I. Un carisma nella storia II. Luce nella notte